Statistics for Snabb matematik - Fyrkantiga rötter

Click here to take the quiz!

General Stats

  • This quiz has been taken 14 times
  • The average score is 7 of 20

Answer Stats

problemsvar% Correct
10010
100%
14412
100%
32418
100%
42
100%
40020
100%
48422
100%
164
100%
160040
100%
366
100%
360060
100%
497
100%
648
100%
819
100%
93
75%
255
75%
11
67%
22515
50%
52923
50%
96131
50%
220947
50%
250050
50%
313656
50%
348159
50%
62525
33%
136937
33%
16913
25%
28917
25%
12111
0%
19614
0%
25616
0%
36119
0%
44121
0%
57624
0%
67626
0%
72927
0%
78428
0%
84129
0%
90030
0%
102432
0%
108933
0%
115634
0%
122535
0%
129636
0%
144438
0%
152139
0%
168141
0%
176442
0%
184943
0%
193644
0%
202545
0%
211646
0%
230448
0%
240149
0%
260151
0%
270452
0%
280953
0%
291654
0%
302555
0%
324957
0%
336458
0%

Score Distribution

Percentile by Number Answered

Percent of People with Each Score

Your Score History

You have not taken this quiz